[Event "Mont de Marsan op 9th"]
[Site "Mont de Marsan"]
[Date "2012.12.28"]
[Round "5"]
[White "Giovagnoni, Josette"]
[Black "Larghi, Dimitri"]
[Result "0-1"]
[WhiteElo "1080"]
[BlackElo "1379"]
[PlyCount "66"]
[EventDate "2012.12.27"]
[EventType "swiss"]
[EventRounds "9"]
[EventCountry "FRA"]
[SourceTitle "CBM 152 Extra"]
[Source "ChessBase"]
[SourceDate "2013.02.25"]
[SourceVersion "1"]
[SourceVersionDate "2013.02.25"]
[SourceQuality "1"]

1. e4 e5 2. Nf3 Nc6 3. a3 Bc5 4. Bc4 Nf6 5. Nc3 d6 6. 0-0 Bg4 7. d3 Nd4 8. Be3 Nxf3+ 9. Kh1 Nxh2 10. Kxh2 Bxd1 11. Nxd1 Ng4+ 12. Kg1 Qh4 13. Re1 Qh2+ 14. Kf1 0-0-0 15. f3 Qh1+ 16. Ke2 Qxg2+ 17. Nf2 Nxf2 18. Bxf2 Qxf2+ 19. Kd1 Qxf3+ 20. Kd2 h5 21. b4 Qf4+ 22. Kc3 Bd4+ 23. Kb3 Bxa1 24. Rxa1 h4 25. Ka4 h3 26. Ka5 b6+ 27. Ka6 Kb8 28. Bd5 h2 29. a4 h1Q 30. Ra2 Qb1 31. a5 Qxb4 32. Bc4 bxa5 33. c3 Qb6# 0-1

[Event "FRA-ch op-D"]
[Site "Pau"]
[Date "2012.08.15"]
[Round "2"]
[White "Larghi, Dimitri"]
[Black "Salvi, Michel"]
[Result "0-1"]
[WhiteElo "1434"]
[BlackElo "1499"]
[PlyCount "70"]
[EventDate "2012.08.14"]
[EventType "swiss"]
[EventRounds "11"]
[EventCountry "FRA"]
[SourceTitle "EXT 2014"]
[Source "ChessBase"]
[SourceDate "2013.11.20"]
[SourceVersion "1"]
[SourceVersionDate "2013.11.20"]
[SourceQuality "1"]

1. e4 c5 2. Bc4 Nc6 3. Nf3 d6 4. Nc3 Nf6 5. 0-0 a6 6. a4 Bd7 7. d3 g6 8. Be3 Bg7 9. Ng5 Ne5 10. Bb3 0-0 11. d4 cxd4 12. Bxd4 Nc6 13. Be3 Rc8 14. Nd5 Nxd5 15. Qxd5 Ne5 16. Bd4 Bc6 17. Bb6 Qxb6 18. Qd2 h6 19. Nh3 Bxe4 20. Qf4 Bxc2 21. Ba2 Qxb2 22. Qe3 Rc3 23. Qe2 Qb6 24. Nf4 Bd3 25. Qd1 Bxf1 26. Nd5 Qc5 27. Nxc3 Qxc3 28. Qxf1 Nd3 29. Rb1 Nxf2 30. Qxf2 Bd4 31. Qxd4 Qxd4+ 32. Kh1 Rc8 33. h3 Rc2 34. Bxf7+ Kxf7 35. Rf1+ Rf2 0-1